Statistics for Largest Cities in Canada by Picture

Click here to take the quiz!

General Stats

  • This quiz has been taken 36 times
  • The average score is 7 of 20

Answer Stats

Answer% Correct
Toronto
100%
Ottawa
77%
Calgary
60%
Montreal
53%
Edmonton
47%
Victoria
40%
Halifax
37%
Hamilton
37%
St. John's
37%
Regina
33%
Saskatoon
33%
Windsor
30%
Winnipeg
30%
Quebec City
27%
Vancouver
27%
Kelowna
13%
London
10%
Oshawa
10%
Kitchener
7%
St. Catharines
7%

Score Distribution

Percentile by Number Answered

Percent of People with Each Score

Your Score History

You have not taken this quiz